JoJo's Bizzare Adventure Localized Stand Names - Statistics

General Stats
  • This quiz has been taken 248 times
    204 since last reset
  • The average score is 21 of 52
Answer Stats
Stand User Stand % Correct
Josuke Higashikata Shining Diamond
93%
Koichi Hirose Reverb
78%
Bruno Buccellati Zipper Man
73%
Giorno Giovanna Golden Wind
70%
Jolyne Cujoh Stone Ocean
68%
Narancia Ghirga Li'l Bomber
67%
Keicho Nijimura Worse Company
67%
Guido Mista Six Bullets
66%
Leone Abbacchio Moody Jazz
65%
Yoshikage Kira Deadly Queen
63%
Diavolo Emperor Crimson
61%
Trish Una Spicy Lady
61%
Pannacotta Fugo Purple Smoke
53%
Weather Report Weather Forecast
52%
Enrico Pucci Pale Snake
51%
Foo Fighters F.F
50%
Cioccolata Green Tea
50%
Ermes Costello Smack
50%
Illuso Mirror Man
49%
Akira Otoshi Chili Pepper
47%
Pesci Fisher Man
44%
Risotto Nero Metallic
44%
Tonio Trussardi Pole Jam
44%
Melone Babyhead
43%
Yuya Fungami Highway Go Go
43%
Prosciutto The Thankful Death
42%
Ghiaccio White Ice
42%
Formaggio Tiny Feet
41%
Sale Arts & Crafts
38%
Squalo Crush
36%
Yoshihiro Kira Heart Father
36%
Polpo Shadow Sabbath
35%
Tiziano Talking Mouth
34%
Carne Notorious Chase
33%
Vinegar Doppio Eulogy
31%
Secco Sanctuary
30%
Toshikazu Hazamada Show Off
27%
Ken Oyanagi Boys Man Man
26%
Gwess Cry Cry Dolls
25%
Mario Zucchero Tender Machine
24%
Yukako Yamagishi Love Extra
22%
Masazo Kinoto Cheap Trap
21%
Shizuka Joestar Invisible Baby
21%
Terunosuke Miyamoto Misterioso
21%
Scolippi Prophecy Stones
18%
Miraschon Mary Lynn Manson
15%
Aya Tsuji Fashionista
14%
Mikitaka Hazekura Terra Ventus
13%
Tama Feral Cat
12%
Lang Rangler Jumpin' Jack Spark
12%
Johngalli A Downtown Transfer
7%
Thunder McQueen Freeway Thru Hell
6%
No matching quizzes found
Score Distribution
Percent of People with Each Score
Percentile by Number Answered
Your Score History
You have not taken this quiz since the last reset